Understanding intercultural communication. (Record no. 6387)

000 -LEADER
fixed length control field 00463nam a22001457a 4500
008 - FIXED-LENGTH DATA ELEMENTS--GENERAL INFORMATION
fixed length control field 150923b xxu||||| |||| 00| 0 eng d
020 ## - INTERNATIONAL STANDARD BOOK NUMBER
International Standard Book Number 9780195330069
050 ## - LIBRARY OF CONGRESS CALL NUMBER
Classification number GN 345.6 .T56 2005
100 ## - MAIN ENTRY--PERSONAL NAME
Personal name Ting-Toomey,Stella.
Dates associated with a name 2005
245 ## - TITLE STATEMENT
Title Understanding intercultural communication.
Statement of responsibility, etc. Stella Ting-Toomey
260 ## - PUBLICATION, DISTRIBUTION, ETC. (IMPRINT)
Place of publication, distribution, etc. NewYork:
Name of publisher, distributor, etc. Oxford,
Date of publication, distribution, etc. 2005.
300 ## - PHYSICAL DESCRIPTION
Extent xviii,404p.ill;
700 ## - ADDED ENTRY--PERSONAL NAME
Personal name Chung,Leeva C.
942 ## - ADDED ENTRY ELEMENTS (KOHA)
Source of classification or shelving scheme
Koha item type Hard Covered Materials
Classification part GN 345.6 .T56 2005
Holdings
Withdrawn status Lost status Source of classification or shelving scheme Damaged status Not for loan Home library Current library Date acquired Source of acquisition Total Checkouts Full call number Barcode Date last seen Price effective from Koha item type
          MACHAKOS UNIVERSITY LIBRARY MACHAKOS UNIVERSITY LIBRARY 23/09/2015 Donation (B.F.A)   GN 345.6 .T56 2005 11138 23/09/2015 23/09/2015 Hard Covered Materials
© Machakos University Library, Along The Highway, Machakos Wote Rd, Machakos, Kenya P.O. Box 136 - 90100 Machakos - Kenya

Tel: ( +254 ) 723 805829 OR Fax : 044-20353 OR Email: library@mksu.ac.ke